| 000 | 00526nam a22001577a 4500 | ||
|---|---|---|---|
| 003 | OSt | ||
| 005 | 20150910150203.0 | ||
| 008 | 150910b xxu||||| |||| 00| 0 eng d | ||
| 040 | _cRUA | ||
| 082 | _aAGR ជា 1995 B013 Or.1 | ||
| 100 |
_9253 _aជា សាំងដូណា |
||
| 245 | _aសិក្សាអំពីឥទ្ធិពលនៃការខូតខាតស្លឹកទៅលើទិន្នផលស្រូវ | ||
| 260 |
_aPhnom Penh _bRUA _c1995 |
||
| 300 |
_a80p. _bill. _c29cm. |
||
| 942 |
_2ddc _cAGR |
||
| 999 |
_c233 _d233 |
||